| 000 | 01040cam a22003251a 4500 | ||
|---|---|---|---|
| 001 | 016748500 | ||
| 003 | OSt | ||
| 005 | 20180121150641.0 | ||
| 008 | 140625t2015 enka frbd 001 0 eng d | ||
| 020 | _a9781292057743 | ||
| 040 |
_aUk _beng _cUk _dEG-ScBUE |
||
| 082 | 0 | 4 |
_a150.724 _bCHR _222 |
| 100 | 1 |
_aChristensen, Larry B., _d1941- _938031 |
|
| 245 | 1 | 0 |
_aResearch methods, design and analysis / _cLarry B. Christensen, R. Burke Johnson, Lisa A. Turner. |
| 250 | _a12th ed., Global ed. | ||
| 260 |
_aHarlow : _bPearson Education Limited, _cc.2015. |
||
| 300 |
_a542 p. : _bill. ; _c24 cm. |
||
| 490 | 0 | _aAlways learning | |
| 500 | _aIndex : p. 527-542. | ||
| 500 | _aGlossary : p. 500-514. | ||
| 504 | _aBibliography : p. 515-526. | ||
| 650 | 7 |
_aPsychology, Experimental. _2BUEsh |
|
| 650 | 7 |
_aPsychology _xExperiments. _2BUEsh |
|
| 650 | 7 |
_aExperimental design. _2BUEsh |
|
| 651 | _2BUEsh | ||
| 653 |
_bCOMAME _cMay2015 _cJanuary2018 |
||
| 700 | 1 | _aJohnson, Burke. | |
| 700 | 1 | _aTurner, Lisa Anne. | |
| 942 |
_2ddc _k150.724 CHR |
||
| 999 |
_c19374 _d19346 |
||